Avri : (Record no. 34154)

MARC details
000 -LEADER
fixed length control field 00706cam a22002291i 4500
001 - CONTROL NUMBER
control field he 68004759
003 - CONTROL NUMBER IDENTIFIER
control field DLC
005 - DATE AND TIME OF LATEST TRANSACTION
control field 20260227111509.0
008 - FIXED-LENGTH DATA ELEMENTS--GENERAL INFORMATION
fixed length control field 880411s1964 is a 000 0aheb
010 ## - LIBRARY OF CONGRESS CONTROL NUMBER
LC control number he 68004759
035 ## - SYSTEM CONTROL NUMBER
System control number (OCoLC)17767568
040 ## - CATALOGING SOURCE
Original cataloging agency DLC
Transcribing agency TxU
Modifying agency TxU
-- DLC
042 ## - AUTHENTICATION CODE
Authentication code premarc
050 00 - LIBRARY OF CONGRESS CALL NUMBER
Classification number CT1919.P38
Item number A4562
245 00 - TITLE STATEMENT
Title Avri :
Remainder of title [le-zikhro shel Avraham Alpan zal].
260 ## - PUBLICATION, DISTRIBUTION, ETC.
Place of publication, distribution, etc. [ha-ʻOgen] :
Name of publisher, distributor, etc. ha-ʻOgen, Kibuts ha-Shomer ha-tsaʻir,
Date of publication, distribution, etc. 1964.
300 ## - PHYSICAL DESCRIPTION
Extent 55 p. :
Other physical details ill. ;
Dimensions 24 cm.
500 ## - GENERAL NOTE
General note Includes letters and essays of A. Alpan.
600 10 - SUBJECT ADDED ENTRY--PERSONAL NAME
Personal name Alpan, Abraham,
Dates associated with a name 1946-1964
General subdivision Correspondence.
700 1# - ADDED ENTRY--PERSONAL NAME
Personal name Alpan, Abraham,
Dates associated with a name 1946-1964.
710 1# - ADDED ENTRY--CORPORATE NAME
Corporate name or jurisdiction name as entry element Ha-ʻOgen (Israel)

No items available.

Powered by Koha